LEADER 01026nam0 2200289 450 001 000021803 005 20090119143454.0 100 $a20090119d1968----km-y0itay50------ba 101 1 $aita$cfre 102 $aIT 105 $ay-------001yy 200 1 $a<>disturbi della memoria ed il loro esame psicometrico$fAndre Rey$ga cura di Anna Losacco 210 $aFirenze$cOS$d1968 215 $a193 p.$d24 cm 225 2 $aCollana di psicodiagnostica 300 $aTrad. G. Bargioni 410 0$12001$aCollana di psicodiagnostica 500 10$a<>troubles de la memoire et leur examen psychometrique$m$930465 610 1 $aMemoria$aDisturbi 676 $a153.1$v12$9Psicologia della conoscenza. Memoria e apprendimento 700 1$aRey,$bAndre$4070$0386234 702 1$aLosacco,$bAnna 801 0$aIT$bUNIPARTHENOPE$c20090119$gRICA$2UNIMARC 912 $a000021803 951 $aS 153.1/3$bS 980$cDSA$d2008 996 $aTroubles de la memoire et leur examen psychometrique$930465 997 $aUNIPARTHENOPE LEADER 01235nam0 22003011i 450 001 UON00099797 005 20231205102547.995 100 $a20020107d1988 |0itac50 ba 101 $alat 102 $aIT 105 $a|||| 1|||| 200 1 $aRemedia Amoris$fPublio Ovidio Nasone$ga cura di Paola Pinotti 210 $aBologna$cPatron$d1988 215 $a360 p.$d22 cm 410 1$1001UON00087413$12001 $aEdizioni e saggi universitari di filologia classica$fcollana diretta da G. Calboli, A. Ghiselli, I. Mariotti, E. Pasoli, A. Traina$v39 606 $aLETTERATURA LATINA$3UONC026272$2FI 620 $aIT$dBologna$3UONL000085 676 $a870$cLetteratura latina$v21 700 1$aOVIDIUS NASO$bPublius$3UONV055776$0154954 702 1$aPINOTTI$bPaola$3UONV064788 712 $aPātron$3UONV265630$4650 790 1$aOVIDIO NASONE, Publio$zOVIDIUS NASO, Publius$3UONV055778 801 $aIT$bSOL$c20240220$gRICA 899 $aSIBA - SISTEMA BIBLIOTECARIO DI ATENEO$2UONSI 912 $aUON00099797 950 $aSIBA - SISTEMA BIBLIOTECARIO DI ATENEO$dSI T 2 OVID 5900 $eSI MC 13388 5 996 $aRemedia amoris$919241 997 $aUNIOR LEADER 02349nam0 22005293i 450 001 VAN0226176 005 20230605095406.0 017 70$2N$a9783030409432 100 $a20211013d2020 |0itac50 ba 101 $aeng 102 $aCH 105 $a|||| ||||| 200 1 $aComplex Networks XI$eProceedings of the 11th Conference on Complex Networks CompleNet 2020$fHugo Barbosa ... [et al.] editors 210 $aCham$cSpringer$d2020 215 $axvi, 404 p.$cill.$d24 cm 410 1$1001VAN0133298$12001 $aSpringer Proceedings in Complexity$1210 $aBerlin [etc.]$cSpringer 500 1$3VAN0226177$aComplex Networks XI$91879303 606 $a68-XX$xComputer science [MSC 2020]$3VANC019670$2MF 606 $a94-XX$xInformation and communication theory, circuits [MSC 2020]$3VANC019701$2MF 606 $a00B25$xProceedings of conferences of miscellaneous specific interest [MSC 2020]$3VANC020732$2MF 606 $a00A79 (77-XX)$xPhysics [MSC 2020]$3VANC023182$2MF 606 $a91-XX$xGame theory, economics, finance, and other social and behavioral sciences [MSC 2020]$3VANC025601$2MF 610 $aApplications$9KW:K 610 $aCollective Behaviour$9KW:K 610 $aComplex Networks$9KW:K 610 $aComplex Systems$9KW:K 610 $aComplexity$9KW:K 610 $aComputational social sciences$9KW:K 610 $aComputer Science$9KW:K 610 $aConference Proceedings$9KW:K 610 $aData science$9KW:K 610 $aGraph theory$9KW:K 610 $aInformatics$9KW:K 610 $aResearch$9KW:K 610 $aSocial networks$9KW:K 620 $aCH$dCham$3VANL001889 702 1$aBarbosa$bHugo$3VANV190033 712 12$aInternational Conference on Complex Networks$d11.$f2020$3VANV190034 712 $aSpringer $3VANV108073$4650 801 $aIT$bSOL$c20240614$gRICA 856 4 $uhttp://doi.org/10.1007/978-3-030-40943-2$zE-book ? Accesso al full-text attraverso riconoscimento IP di Ateneo, proxy e/o Shibboleth 899 $aBIBLIOTECA DEL DIPARTIMENTO DI MATEMATICA E FISICA$1IT-CE0120$2VAN08 912 $fN 912 $aVAN0226176 950 $aBIBLIOTECA DEL DIPARTIMENTO DI MATEMATICA E FISICA$d08CONS e-book 4188 $e08eMF4188 20211013 996 $aComplex Networks XI$91879303 997 $aUNICAMPANIA